| 000 | 00589nam a2200193 a 4500 | ||
|---|---|---|---|
| 005 | 20220928063451.0 | ||
| 008 | 991125s1950 mx 000 0 spa u | ||
| 020 | _a9681600010 | ||
| 035 | _aUPN01000002375 | ||
| 049 | _aCG | ||
| 050 | 4 |
_aD65 _aM9.28 |
|
| 100 | 1 |
_aMyres, John Linton, _d1869-1954 |
|
| 245 | 1 | 3 |
_aEl amanecer de la historia / _cpor John L. Myres ; tr. de Florentino M. Torner. |
| 260 |
_aMéxico : _bFCE, _c1950. |
||
| 300 |
_a198 p., [2] h. : _bmapas |
||
| 440 | 0 |
_aBreviarios del Fondo de Cultura Económica ; _v35 |
|
| 650 | 7 |
_aHistoria antigua _2 _915578 |
|
| 905 | _aLibro | ||
| 999 |
_c2375 _d2375 |
||